Пьесы. Сонеты (Запись № 142934)

Подробности
000 -МАРКЕР
контрольное поле 02109nam0a2200397 4500
001 - ИДЕНТИФИКАТОР ЗАПИСИ
контрольное поле RU\NLR\bibl\29724
005 - ИДЕНТИФИКАТОР ВЕРСИИ
контрольное поле 20260406132741.0
010 ## - МЕЖДУНАРОДНЫЙ СТАНДАРТНЫЙ НОМЕР КНИГИ (ISBN)
Номер (ISBN) 5-7390-0346-6 (общ.)
010 ## - МЕЖДУНАРОДНЫЙ СТАНДАРТНЫЙ НОМЕР КНИГИ (ISBN)
Номер (ISBN) 5-237-00136-X (АСТ)
010 ## - МЕЖДУНАРОДНЫЙ СТАНДАРТНЫЙ НОМЕР КНИГИ (ISBN)
Номер (ISBN) 5-7390-0477-2 (Олимп)
Тираж 5000
021 ## - НОМЕР ГОСУДАРСТВЕННОЙ РЕГИСТРАЦИИ
Код страны российская федерация
Номер 98-39022
Номер Листа государственной регистраци 1869
035 ## - ДРУГИЕ СИСТЕМНЫЕ НОМЕРА
Идентификатор записи (NLR Aleph) 000028943
100 ## - ДАННЫЕ ОБЩЕЙ ОБРАБОТКИ
Данные общей обработки 19990526d1998 |||y0rusy50 ca
101 1# - ЯЗЫК РЕСУРСА
Язык текста, звукозаписи и т.д. русский
Язык оригинала английский
102 ## - СТРАНА ПУБЛИКАЦИИ ИЛИ ПРОИЗВОДСТВА
Страна публикации российская федерация
105 ## - ПОЛЕ КОДИРОВАННЫХ ДАННЫХ: ТЕКСТОВЫЕ МАТЕРИАЛЫ, МОНОГРАФИЧЕСКИЕ
Кодированные данные о монографическом текстовом документе |||||||||||||
200 1# - ЗАГЛАВИЕ И СВЕДЕНИЯ ОБ ОТВЕТСТВЕННОСТИ
Основное заглавие Пьесы. Сонеты
Сведения, относящиеся к заглавию [Пер.]
Первые сведения об ответственности У. Шекспир
Последующие сведения об ответственности [Предисл., коммент., справ.-метод. материалы И.О. Шайтанова]
210 ## - ПУБЛИКАЦИЯ, РАСПРОСТРАНЕНИЕ И ДР.
Место издания, распространения и т.д. М.
Имя издателя, распространителя и т. д. Олимп
Место издания, распространения и т.д. Назрань
Имя издателя, распространителя и т. д. АСТ
Дата издания, распространения и т.д. 1998
215 ## - ФИЗИЧЕСКАЯ ХАРАКТЕРИСТИКА
Специфическое обозначение материала и объем 747 с.
Размеры 20
225 1# - СЕРИЯ
Основное заглавие серии Школа классики
Сведения, относящиеся к заглавию ШК
-- Книга для ученика и учителя
300 ## - ОБЩИЕ ПРИМЕЧАНИЯ
Текст примечания На тит. л. и обл. загл. сер.: Кн. для ученика и учителя
320 ## - ПРИМЕЧАНИЯ О НАЛИЧИИ В ДОКУМЕНТЕ БИБЛИОГРАФИИ / УКАЗАТЕЛЯ
Текст примечания Библиогр.: с. 742-746 и в подстроч. примеч.
327 1# - ПРИМЕЧАНИЯ О СОДЕРЖАНИИ
Текст примечания Содерж.: Ричард III; Сон в летнюю ночь; Ромео и Джульетта; Гамлет; Сонеты
-- В кн. также: Летопись жизни и творчества У. Шекспира. Источники сюжетов. Критика об У. Шекспире. У. Шекспир в искусстве. Темы для сочинений и реф. Тезис. планы сочинений
600 #1 - ИМЯ ЛИЦА КАК ПРЕДМЕТ
Начальный элемент ввода Шекспир
Часть имени, кроме начального элемента ввода В.
Даты 1564 - 1616
Расширение инициалов личного имени Вильям
Тематический подзаголовок Изучение в школе
Системный номер авторитетной/нормативной записи 2089781
Идентификатор авторитетной/нормативной записи RU\NLR\auth\661264982
600 #1 - ИМЯ ЛИЦА КАК ПРЕДМЕТ
Начальный элемент ввода Шекспир
Часть имени, кроме начального элемента ввода У.
Даты 1564 - 1616
Расширение инициалов личного имени Уильям
Тематический подзаголовок Изучение в школе
Системный номер авторитетной/нормативной записи 2328933
Идентификатор авторитетной/нормативной записи RU\NLR\auth\661392812
686 ## - ИНДЕКСЫ ДРУГИХ КЛАССИФИКАЦИЙ
Индекс Ш9(4Вл)62-5
686 ## - ИНДЕКСЫ ДРУГИХ КЛАССИФИКАЦИЙ
Индекс Ч426.21,6(2)33английская
700 #1 - ИМЯ ЛИЦА - ПЕРВИЧНАЯ ОТВЕТСТВЕННОСТЬ
Код отношения Автор
Материалы, к которым относится поле rus
Графика поля Кириллица
Начальный элемент ввода Шекспир
Часть имени, кроме начального элемента ввода У.
Даты 1564-1616
Расширение инициалов личного имени Уильям
Идентификатор авторитетной/нормативной записи RU\NLR\auth\771995
Системный номер авторитетной/нормативной записи 112012
801 #0 - ИСТОЧНИК ЗАПИСИ
Страна российская федерация
Организация NLR
Дата составления 19990526
Правила каталогизации PSBO
801 #1 - ИСТОЧНИК ЗАПИСИ
Страна российская федерация
Организация NLR
Дата составления 19990526
852 ## - МЕСТОНАХОЖДЕНИЕ И ШИФР ХРАНЕНИЯ
Идентификатор организации NLR
Шифр хранения (Call Number) 99-3/4275
942 ## - ДОПОЛНИТЕЛЬНЫЕ ЭЛЕМЕНТЫ ЗАПИСИ (АБИС)
Тип экземпляра АБИС Книга
980 ## - КОЛЛЕКЦИЯ
Название коллекции Национальная библиография
Экземпляры
Тип экземпляра Дата поступления Источник поступления Стоимость Библиотека постоянного хранения Библиотека текущего хранения Место хранения Шифр хранения Штрих-код Статус не для выдачи
Книга 16.06.2005 Подсобные фонды РНБ 21.50 РНБ (Московский) РНБ (Московский) Фонд общего зала литературы по филологии, педагогике и искусству (гуманитарной литературы) Л1 Ли265/Ш-416 940460  
Книга 10.07.2005 Подсобные фонды РНБ 21.50 РНБ (Московский) РНБ (Московский) Обменный фонд   953491